ბათუმის შოთა რუსთაველის სახელმწიფო უნივერსიტეტის ბიბლიოთეკა

Методы управления стоимостью и анализа затрат (ბიბ.ჩანაწერი № 37218)

000 -LEADER
fixed length control field 00789nam a2200241Ia 4500
001 - CONTROL NUMBER
control field 3175
003 - CONTROL NUMBER IDENTIFIER
control field GE_BSU
008 - FIXED-LENGTH DATA ELEMENTS--GENERAL INFORMATION
fixed length control field 181216s||||||||xx |||||||||||||| ||und||
020 ## - INTERNATIONAL STANDARD BOOK NUMBER
International Standard Book Number 5900855325
040 ## - CATALOGING SOURCE
Transcribing agency GE_BSU
080 ## - UNIVERSAL DECIMAL CLASSIFICATION NUMBER
Universal Decimal Classification number 657.471
100 ## - MAIN ENTRY--PERSONAL NAME
Personal name Шим, Джай К., Сигел, Джойл Г.
245 ## - TITLE STATEMENT
Title Методы управления стоимостью и анализа затрат
245 ## - TITLE STATEMENT
Remainder of title modern cost Managment and Analysis
245 ## - TITLE STATEMENT
Statement of responsibility, etc. Пер. с англ. А.П. Калюжный. Ред. С.Н. Высоцкая
260 ## - PUBLICATION, DISTRIBUTION, ETC.
Place of publication, distribution, etc. Москва
260 ## - PUBLICATION, DISTRIBUTION, ETC.
Name of publisher, distributor, etc. Филин
260 ## - PUBLICATION, DISTRIBUTION, ETC.
Date of publication, distribution, etc. 1996
300 ## - PHYSICAL DESCRIPTION
Extent 344 с. 20 см
653 ## - INDEX TERM--UNCONTROLLED
Uncontrolled term Методы управления стоимостью и анализа затрат
942 ## - ADDED ENTRY ELEMENTS (KOHA)
Koha item type წიგნი
ეგზემპლარები
Withdrawn status Lost status Damaged status Not for loan Date acquired Barcode Date last seen Price effective from Koha item type Public note
        2018-12-17 7908 2018-12-17 2018-12-17 წიგნი დარბაზი
        2018-12-17 7909 2018-12-17 2018-12-17 წიგნი დარბაზი
        2018-12-17 8255 2018-12-17 2018-12-17 წიგნი დარბაზი
        2018-12-17 8256 2018-12-17 2018-12-17 წიგნი დარბაზი
        2018-12-17 8257 2018-12-17 2018-12-17 წიგნი დარბაზი
        2018-12-17 8258 2018-12-17 2018-12-17 წიგნი დარბაზი